Network capacity- building in high- teach sectors: opening the black box of cluster facilitation policy (Record no. 108766)

000 -LEADER
fixed length control field 00406pab a2200133 454500
008 - FIXED-LENGTH DATA ELEMENTS--GENERAL INFORMATION
fixed length control field 180718b2015 xxu||||| |||| 00| 0 eng d
100 ## - MAIN ENTRY--PERSONAL NAME
Personal name Giest, Sarah
245 ## - TITLE STATEMENT
Title Network capacity- building in high- teach sectors: opening the black box of cluster facilitation policy
260 ## - PUBLICATION, DISTRIBUTION, ETC.
Date of publication, distribution, etc. 2015
300 ## - PHYSICAL DESCRIPTION
Extent p.471-489.
650 ## - SUBJECT ADDED ENTRY--TOPICAL TERM
Topical term or geographic name entry element Science and technology
773 ## - HOST ITEM ENTRY
Main entry heading Public Administration
909 ## -
-- 108771
Holdings
Withdrawn status Lost status Damaged status Not for loan Permanent Location Current Location Date acquired Serial Enumeration / chronology Barcode Date last seen Price effective from Koha item type
        Indian Institute of Public Administration Indian Institute of Public Administration 2018-07-19 Volume no: 93, Issue no: 2 AR109231 2018-07-19 2018-07-19 Articles

Powered by Koha